[Event "EU-ch University 1st"]
[Site "Yerevan"]
[Date "2015.10.08"]
[Round "3"]
[White "Hayrapetyan, Arman"]
[Black "Aklanov, Fedor"]
[Result "1-0"]
[WhiteElo "2320"]
[BlackElo "2311"]
[PlyCount "42"]
[EventDate "2015.10.07"]
[EventType "swiss"]
[EventRounds "9"]
[EventCountry "ARM"]
[SourceTitle "CBM 168 Extra"]
[Source "ChessBase"]
[SourceDate "2015.10.29"]
[SourceVersion "1"]
[SourceVersionDate "2015.10.29"]
[SourceQuality "1"]

1. d4 Nf6 2. Nf3 e6 3. c4 b6 4. g3 Bb7 5. Bg2 Be7 6. 0-0 0-0 7. Nc3 Ne4 8. Qc2 Nxc3 9. bxc3 Qc8 10. Rd1 f5 11. d5 Na6 12. Nd4 Nc5 13. Ba3 g6 14. dxe6 Bxg2 15. Kxg2 dxe6 16. Kg1 Re8 17. Nc6 Bd6 18. Bxc5 Bxc5 19. Qd3 Bd6 20. a4 Qb7 21. Qf3 Kh8 1-0

[Event "EU-ch 15th"]
[Site "Yerevan"]
[Date "2014.03.14"]
[Round "11"]
[White "Prizant, Jaroslav"]
[Black "Hayrapetyan, Arman"]
[Result "0-1"]
[WhiteElo "2534"]
[BlackElo "2367"]
[PlyCount "70"]
[EventDate "2014.03.03"]
[EventType "swiss"]
[EventRounds "11"]
[EventCountry "ARM"]
[SourceTitle "CBM 160"]
[Source "ChessBase"]
[SourceDate "2014.05.15"]
[SourceVersion "1"]
[SourceVersionDate "2014.05.15"]
[SourceQuality "1"]

1. d4 Nf6 2. c4 g6 3. Nc3 Bg7 4. e4 d6 5. Nf3 0-0 6. Be2 e5 7. 0-0 Nbd7 8. d5 Nc5 9. Qc2 a5 10. Bg5 h6 11. Be3 b6 12. Nd2 h5 13. f3 h4 14. Bg5 h3 15. g3 Qd7 16. b3 Nh7 17. Be3 f5 18. Kh1 f4 19. Bg1 fxg3 20. hxg3 Bh6 21. Nd1 Nf6 22. Rf2 Qe7 23. Nf1 Bd7 24. Rh2 Nh5 25. Nf2 Kg7 26. Nxh3 Rh8 27. Nf2 Raf8 28. Nd3 Nxd3 29. Qxd3 Nxg3+ 30. Nxg3 Bf4 31. Nf1 Bh3 32. Ne3 Qg5 33. Rf1 Bxh2 34. Bxh2 Bg2+ 35. Nxg2 Qg3 0-1

[Event "EU-ch 15th"]
[Site "Yerevan"]
[Date "2014.03.12"]
[Round "9"]
[White "Dzagnidze, Nana"]
[Black "Hayrapetyan, Arman"]
[Result "1-0"]
[WhiteElo "2546"]
[BlackElo "2367"]
[PlyCount "113"]
[EventDate "2014.03.03"]
[EventType "swiss"]
[EventRounds "11"]
[EventCountry "ARM"]
[SourceTitle "CBM 160"]
[Source "ChessBase"]
[SourceDate "2014.05.15"]
[SourceVersion "1"]
[SourceVersionDate "2014.05.15"]
[SourceQuality "1"]

1. c4 Nf6 2. Nc3 g6 3. g3 Bg7 4. Bg2 0-0 5. Nf3 d6 6. 0-0 c6 7. d4 Qa5 8. Nd2 Qh5 9. e4 Qxd1 10. Rxd1 Nbd7 11. f4 e5 12. fxe5 dxe5 13. d5 Re8 14. Bf3 Bf8 15. Kg2 Bb4 16. a3 Bxc3 17. bxc3 Nc5 18. a4 cxd5 19. cxd5 Bd7 20. a5 Rac8 21. c4 b5 22. axb6 axb6 23. Rb1 Ba4 24. Re1 b5 25. cxb5 Nd3 26. Rf1 Bc2 27. Ra1 Rc5 28. Ra6 Kg7 29. Rc6 Rb8 30. Ba3 Rbxb5 31. Bxc5 Rxc5 32. Be2 Nd7 33. Bxd3 Bxd3 34. Rf3 Bb5 35. Rxc5 Nxc5 36. Ra3 Nb7 37. Ra8 Kf6 38. Kf3 h5 39. Nb3 Nd6 40. Nc5 Ke7 41. Ra7+ Ke8 42. Ke3 Nc4+ 43. Kd3 Nd6+ 44. Kc3 Kf8 45. Kb4 Be8 46. Nd3 Nxe4 47. Nxe5 g5 48. Nc4 Nf6 49. d6 Nd7 50. Ne3 Ne5 51. Kc5 h4 52. gxh4 gxh4 53. Kd5 Nd7 54. Nf5 h3 55. Kd4 Nb6 56. Rb7 Nd7 57. Rb3 1-0

[Event "EU-ch 15th"]
[Site "Yerevan"]
[Date "2014.03.10"]
[Round "7"]
[White "Neverov, Valeriy"]
[Black "Hayrapetyan, Arman"]
[Result "1-0"]
[WhiteElo "2508"]
[BlackElo "2367"]
[PlyCount "139"]
[EventDate "2014.03.03"]
[EventType "swiss"]
[EventRounds "11"]
[EventCountry "ARM"]
[SourceTitle "CBM 160"]
[Source "ChessBase"]
[SourceDate "2014.05.15"]
[SourceVersion "1"]
[SourceVersionDate "2014.05.15"]
[SourceQuality "1"]

1. d4 Nf6 2. c4 d6 3. Nf3 g6 4. g3 Bg7 5. Bg2 0-0 6. 0-0 Nbd7 7. Qc2 e5 8. Rd1 Re8 9. Nc3 c6 10. e4 Qe7 11. d5 a5 12. Nd2 h5 13. Rb1 h4 14. a3 Nf8 15. b4 axb4 16. axb4 N8h7 17. Nf1 cxd5 18. Nxd5 Nxd5 19. Rxd5 Be6 20. Rd3 h3 21. Bh1 Rac8 22. Ne3 b5 23. Rc3 bxc4 24. b5 Nf6 25. b6 Rc6 26. Nxc4 Rb8 27. Na5 Rcxb6 28. Nc6 Qb7 29. Rxb6 Qxb6 30. Nxb8 Qxb8 31. Ba3 Bf8 32. Qd1 Bg4 33. Qe1 Qa8 34. Qb1 Qa5 35. Qb4 Qa6 36. Bf3 Bxf3 37. Rxf3 Qe2 38. Re3 Qc2 39. Re1 Ng4 40. Qb2 Qd3 41. Qe2 Qc3 42. Rd1 Nf6 43. Bc1 Qb3 44. Re1 d5 45. exd5 Qxd5 46. Qf1 Ng4 47. Be3 Nxe3 48. Rxe3 Bc5 49. Rd3 Bd4 50. g4 Qe4 51. Rg3 Qf4 52. g5 Kg7 53. Rxh3 Qxg5+ 54. Rg3 Qf4 55. Qe2 Qf5 56. Kg2 Qf4 57. h3 Qf5 58. Rf3 Qg5+ 59. Kf1 Qc1+ 60. Kg2 Qg5+ 61. Kh2 Qh4 62. Qc4 Qe7 63. Qd5 Qc7 64. Kg2 Qe7 65. h4 Qe8 66. h5 gxh5 67. Rg3+ Kh6 68. Qd6+ Kh7 69. Qf6 Qa8+ 70. Kh2 1-0

[Event "EU-ch 15th"]
[Site "Yerevan"]
[Date "2014.03.04"]
[Round "2"]
[White "Gaboyan, Susanna"]
[Black "Hayrapetyan, Arman"]
[Result "0-1"]
[WhiteElo "2043"]
[BlackElo "2367"]
[PlyCount "58"]
[EventDate "2014.03.03"]
[EventType "swiss"]
[EventRounds "11"]
[EventCountry "ARM"]
[SourceTitle "CBM 160"]
[Source "ChessBase"]
[SourceDate "2014.05.15"]
[SourceVersion "1"]
[SourceVersionDate "2014.05.15"]
[SourceQuality "1"]

1. d4 Nf6 2. c4 g6 3. Nf3 Bg7 4. g3 0-0 5. Bg2 d6 6. 0-0 Nbd7 7. Nc3 e5 8. e4 h6 9. h3 Nh7 10. Be3 Ng5 11. Ne1 Nb6 12. h4 Nh3+ 13. Kh2 Nf4 14. gxf4 exf4 15. Bc1 Qxh4+ 16. Kg1 g5 17. Nb5 c5 18. Nxd6 Bg4 19. Bf3 h5 20. dxc5 Rad8 21. cxb6 axb6 22. Bxg4 hxg4 23. Ng2 Qh6 24. Nf5 Qh3 25. Qb3 f3 26. Ne1 Be5 27. Ng3 Bxg3 28. fxg3 Qxg3+ 29. Kh1 Kg7 0-1

[Event "EU-ch 15th"]
[Site "Yerevan"]
[Date "2014.03.03"]
[Round "1"]
[White "Hayrapetyan, Arman"]
[Black "Shimanov, Aleksandr"]
[Result "0-1"]
[WhiteElo "2367"]
[BlackElo "2649"]
[PlyCount "78"]
[EventDate "2014.03.03"]
[EventType "swiss"]
[EventRounds "11"]
[EventCountry "ARM"]
[SourceTitle "CBM 160"]
[Source "ChessBase"]
[SourceDate "2014.05.15"]
[SourceVersion "1"]
[SourceVersionDate "2014.05.15"]
[SourceQuality "1"]

1. e4 c6 2. d4 d5 3. exd5 cxd5 4. c4 Nf6 5. Nc3 e6 6. Nf3 Bb4 7. Bd3 dxc4 8. Bxc4 0-0 9. 0-0 b6 10. Bg5 Bb7 11. Qd3 Nbd7 12. Rad1 Bxc3 13. bxc3 Qc7 14. Bb3 Ng4 15. Bh4 Rac8 16. Rc1 Bxf3 17. Bg3 Nge5 18. dxe5 Bh5 19. Qe3 Nc5 20. Bh4 Bg6 21. Rfd1 Ne4 22. Rd4 Qb7 23. f3 Nc5 24. Rcd1 Rc7 25. Rd6 h6 26. R1d4 Qa6 27. Bd8 Nxb3 28. axb3 Qa1+ 29. Rd1 Qxc3 30. Qxc3 Rxc3 31. b4 Rc8 32. Kf2 Bc2 33. R1d2 Ba4 34. h4 Re8 35. h5 Bc6 36. Bh4 Bd5 37. Rd7 Rc4 38. Be7 Ra8 39. g4 Rc3 0-1

[Event "Poti Aleksandria Cup 7th"]
[Site "Poti"]
[Date "2012.07.20"]
[Round "9"]
[White "Hayrapetyan, Arman"]
[Black "Kalashian, David"]
[Result "0-1"]
[WhiteElo "2363"]
[BlackElo "2408"]
[PlyCount "46"]
[EventDate "2012.07.14"]
[EventType "swiss"]
[EventRounds "9"]
[EventCountry "GEO"]
[SourceTitle "CBM 149 Extra"]
[Source "ChessBase"]
[SourceDate "2012.08.24"]
[SourceVersion "1"]
[SourceVersionDate "2012.08.24"]
[SourceQuality "1"]

1. e4 c5 2. Nf3 d6 3. d4 cxd4 4. Nxd4 Nf6 5. Nc3 a6 6. Bg5 e6 7. f4 h6 8. Bh4 Be7 9. Qf3 Qc7 10. 0-0-0 Nbd7 11. Bd3 g5 12. fxg5 Ne5 13. gxf6 Nxf3 14. gxf3 Bf8 15. Rhg1 Bd7 16. Rg7 Qc5 17. Nce2 Bxg7 18. fxg7 Rg8 19. Rg1 f6 20. b4 Qxb4 21. e5 f5 22. Bf6 Kf7 23. h4 Bb5 0-1

[Event "Jermuk Asrian Memorial 5th"]
[Site "Jermuk"]
[Date "2012.06.20"]
[Round "5"]
[White "Hayrapetyan, Arman"]
[Black "Andriasian, Zaven"]
[Result "1/2-1/2"]
[WhiteElo "2372"]
[BlackElo "2615"]
[PlyCount "78"]
[EventDate "2012.06.16"]
[EventType "swiss"]
[EventRounds "9"]
[EventCountry "ARM"]
[SourceTitle "CBM 149 Extra"]
[Source "ChessBase"]
[SourceDate "2012.08.24"]
[SourceVersion "1"]
[SourceVersionDate "2012.08.24"]
[SourceQuality "1"]

1. e4 c5 2. Nf3 d6 3. d4 cxd4 4. Nxd4 Nf6 5. Nc3 a6 6. f4 e5 7. Nf3 Qc7 8. a4 Be7 9. Bd3 0-0 10. 0-0 Nbd7 11. Kh1 Nc5 12. Qe1 Bd7 13. b4 Nxd3 14. cxd3 b5 15. axb5 axb5 16. Bd2 Rxa1 17. Qxa1 Re8 18. Qa2 h6 19. Qa6 Qb8 20. Qa1 exf4 21. Bxf4 Qb6 22. Qe1 d5 23. Nxd5 Nxd5 24. exd5 Bd6 25. Qg3 Bxf4 26. Qxf4 Qe3 27. Qxe3 Rxe3 28. Kg1 Rxd3 29. Ne5 Rxd5 30. Nxd7 Rxd7 31. Rf5 Rb7 32. g4 Rb6 33. h3 f6 34. Kg2 Kf7 35. Rc5 g5 36. h4 gxh4 37. Kh3 Kg6 38. Kxh4 Rb8 39. Rd5 Rb6 1/2-1/2